Estudio comparativo de la información elaborada a partir de mensajes que combinan imagen y texto o texto solo (Record no. 68368)

MARC details
000 -CABECERA
campo de control de longitud fija 00715nam a2200217 a 4500
005 - FECHA Y HORA DE LA ÚLTIMA TRANSACCIÓN
campo de control 20210219153109.0
008 - ELEMENTOS DE LONGITUD FIJA--INFORMACIÓN GENERAL
campo de control de longitud fija 991125n 000 0 spa u
035 ## - NÚMERO DE CONTROL DEL SISTEMA
Número de control de sistema UPN01000077936
100 ## - ASIENTO PRINCIPAL--NOMBRE PERSONAL
Nombre de persona RAMIREZ, Elena
222 ## - TÍTULO CLAVE
Título clave INFANCIA Y APRENDIZAJE = JOURNAL FOR THE STUDY OF EDUCATION AND DEVELOPMENT
245 ## - MENCIÓN DE TÍTULO
Título Estudio comparativo de la información elaborada a partir de mensajes que combinan imagen y texto o texto solo
300 ## - DESCRIPCIÓN FÍSICA
Extensión 25-37
362 ## - FECHAS DE PUBLICACIÓN Y/O DESIGNACIÓN SECUENCIAL
Fecha de publicación y/o designación secuencial 1996 No. 74, abr.-jun.
653 0# - TERMINO DE INDIZACION - NO CONTROLADO
Término no controlado EDUCACION PRIMARIA
653 0# - TERMINO DE INDIZACION - NO CONTROLADO
Término no controlado GRAMATICA TEXTUAL
653 0# - TERMINO DE INDIZACION - NO CONTROLADO
Término no controlado LENGUAJE VERBOICONICO
653 0# - TERMINO DE INDIZACION - NO CONTROLADO
Término no controlado PROCESO ENSEÑANZA-APRENDIZAJE
653 0# - TERMINO DE INDIZACION - NO CONTROLADO
Término no controlado RED SEMANTICA
904 ## - ELEMENTOS DE DATOS D LOCAL, LDD (RLIN)
a AC
b 015747
905 ## - TIPO DE MATERIAL
Tipo de material Articulo

No items available.